Представление документа в формате RUSMARC

ПолеНазваниеЗначение
  Тип записи a
  Библиографический уровень m
001 Контрольный номер ee8495a1f267479cbb1a716edf425f23
005 Дата корректировки 20140730165007.5
010 Индекс ISBN __
a ISBN 978-5-394-01494-9
100 Данные общей обработки __
a Данные общей обработки 20140429d2008 |||y0rusy50 ca
101 Язык документа 0_
a Язык текста rus
a Язык текста rus
102 Страна публикации __
a Страна публикации RU
200 Заглавие и сведения об ответственности 1_
a Заглавие Статистика
e Сведения, относящиеся к заглавию учебник
f Первые сведения об ответственности А. М. Годин
b Общее обозначение материала Текст
205 Сведения об издании __
a Основные сведения об издании 10-е изд., перераб. и испр.
210 Выходные данные 1_
a Место издания М.
c Издательство Издательско-торговая корпорация "Дашков и К"
d Дата издания 2013
215 Физическое описание __
a Объем 452 с.
300 Общие примечания __
a Общие примечания Рек. Минобразования РФ
610 Ключевые слова 0_
a Ключевые слова статистика
a Ключевые слова статистическое наблюдение, индексы, средние величины, статистика труда, дисперсия, статистика в торговле
610 Ключевые слова 0_
a Ключевые слова статистическое наблюдение
610 Ключевые слова 0_
a Ключевые слова статистика торговли
610 Ключевые слова 0_
a Ключевые слова учебник
686 Индексы других классификаций __
a Классификационный индекс 60.6
700 Автор _1
a Фамилия Годин
b Имя А. М.
g Полное личное имя А. М.
801 Источник записи _0
a Страна RU
b Организация Библиотека
c Дата составления 20140730
g Правила каталогизации rusmarc
852 Данные о местонахождении __
i Авторский знак Г 59
j Шифр хранения ББК 60.6
899 Данные о местонахождении __
i Авторский знак С6 Г59
901 Тип документа __
t Тип документа m
937 Технологическая информация __
a Создатель записи (имя) Геворкова
938 Служебная информация __
a Название организации Поволжский филиал
952 Тип литературы __
b Гриф литературы для ВШ гриф МО
952 Тип литературы __
c Вид литературы учебник